[Event "Samara"]
[Site "Samara"]
[Date "2009.12.07"]
[Round "2"]
[White "Predke, Alexandr"]
[Black "Sidorov, Anatoly"]
[Result "0-1"]
[WhiteElo "2335"]
[BlackElo "2379"]
[PlyCount "54"]
[EventDate "2009.12.06"]
[EventType "tourn"]
[EventRounds "9"]
[EventCountry "RUS"]
[EventCategory "1"]
[SourceTitle "CBM 134 Extra"]
[Source "ChessBase"]
[SourceDate "2010.03.03"]
[SourceVersion "1"]
[SourceVersionDate "2010.03.03"]
[SourceQuality "1"]

1. e4 c5 2. Nf3 d6 3. d4 cxd4 4. Nxd4 Nf6 5. Nc3 a6 6. h3 e5 7. Nde2 b5 8. g4 Bb7 9. Bg2 g6 10. Be3 Nbd7 11. g5 b4 12. gxf6 bxc3 13. Nxc3 Nxf6 14. Qd2 Rc8 15. Rd1 Qa5 16. 0-0 Nh5 17. f4 Qc7 18. f5 Be7 19. Rf3 Rg8 20. Qf2 Nf6 21. Rg3 Nh5 22. Rf3 gxf5 23. Rxf5 Ng3 24. Bb6 Qc4 25. Nd5 Nxe4 26. Qf1 Bxd5 27. Qd3 Qxc2 0-1

[Event "Nezhmetdinov Memorial 31st"]
[Site "Kazan"]
[Date "2009.06.04"]
[Round "5"]
[White "Sadykov, Airat F"]
[Black "Sidorov, Anatoly"]
[Result "1/2-1/2"]
[WhiteElo "2095"]
[BlackElo "2404"]
[PlyCount "50"]
[EventDate "2009.05.31"]
[EventType "swiss"]
[EventRounds "9"]
[EventCountry "RUS"]
[SourceTitle "CBM 130 Extra"]
[Source "ChessBase"]
[SourceDate "2009.07.02"]
[SourceVersion "2"]
[SourceVersionDate "2009.07.15"]
[SourceQuality "1"]

1. d4 Nf6 2. c4 e6 3. Nc3 Bb4 4. Qc2 c5 5. dxc5 Bxc5 6. Nf3 Qb6 7. e3 Qc7 8. Bd3 Nc6 9. a3 b6 10. b4 Be7 11. Nb5 Qb8 12. Nbd4 Bb7 13. Nxc6 Bxc6 14. Bb2 a5 15. b5 Bb7 16. e4 d6 17. 0-0 h6 18. Qe2 0-0 19. Nd2 Nd7 20. Bxg7 Kxg7 21. Qg4+ Kh8 22. Qh3 Kg7 23. Qg4+ Kh8 24. Qh3 Kg7 25. Qg4+ Kh8 1/2-1/2

[Event "Nezhmetdinov Memorial 31st"]
[Site "Kazan"]
[Date "2009.06.03"]
[Round "4"]
[White "Sidorov, Anatoly"]
[Black "Makhmutov, Rail"]
[Result "0-1"]
[WhiteElo "2404"]
[BlackElo "1906"]
[PlyCount "122"]
[EventDate "2009.05.31"]
[EventType "swiss"]
[EventRounds "9"]
[EventCountry "RUS"]
[SourceTitle "CBM 130 Extra"]
[Source "ChessBase"]
[SourceDate "2009.07.02"]
[SourceVersion "2"]
[SourceVersionDate "2009.07.15"]
[SourceQuality "1"]

1. d4 Nf6 2. c4 e5 3. dxe5 Ng4 4. Nf3 Bc5 5. e3 Nc6 6. Be2 Ngxe5 7. Nd4 0-0 8. 0-0 Re8 9. Nc3 d6 10. a3 a6 11. b4 Ba7 12. Nd5 Nxd4 13. exd4 Nc6 14. Be3 Bxd4 15. Bxd4 Nxd4 16. Qxd4 Rxe2 17. Ne3 Qg5 18. f4 Qf6 19. Qxf6 gxf6 20. Nd5 Be6 21. Nxf6+ Kg7 22. Nh5+ Kh6 23. Ng3 Rc2 24. Rac1 Rxc4 25. f5 Bd5 26. Rxc4 Bxc4 27. Rf4 d5 28. Rg4 f6 29. Kf2 a5 30. Rh4+ Kg7 31. Nh5+ Kf7 32. Rg4 axb4 33. Rg7+ Kf8 34. axb4 Ra2+ 35. Ke3 Re2+ 36. Kd4 Re4+ 37. Kc3 Be2 38. Rxh7 Rc4+ 39. Kd2 Bxh5 40. Rxh5 Kg7 41. b5 Rb4 42. Kc3 Rxb5 43. Rh4 c5 44. Rg4+ Kf7 45. h4 Ra5 46. h5 Ra8 47. h6 Rg8 48. h7 Rh8 49. Ra4 Kg7 50. Ra5 Rc8 51. Rb5 Kxh7 52. Rxb7+ Kh6 53. Rd7 d4+ 54. Kc4 Kg5 55. Rd6 Kxf5 56. g4+ Kg5 57. Kd3 c4+ 58. Kc2 d3+ 59. Kc3 Rc7 60. Rd4 Rc6 61. Re4 Rd6 0-1

[Event "Nezhmetdinov Memorial 31st"]
[Site "Kazan"]
[Date "2009.06.02"]
[Round "3"]
[White "Toropov, Pavel"]
[Black "Sidorov, Anatoly"]
[Result "0-1"]
[WhiteElo "2176"]
[BlackElo "2404"]
[PlyCount "112"]
[EventDate "2009.05.31"]
[EventType "swiss"]
[EventRounds "9"]
[EventCountry "RUS"]
[SourceTitle "CBM 130 Extra"]
[Source "ChessBase"]
[SourceDate "2009.07.02"]
[SourceVersion "2"]
[SourceVersionDate "2009.07.15"]
[SourceQuality "1"]

1. e4 c5 2. Nf3 d6 3. Bb5+ Nd7 4. d4 cxd4 5. Qxd4 Ngf6 6. Nc3 e6 7. Bg5 a6 8. Bxd7+ Bxd7 9. 0-0-0 Bc6 10. e5 Bxf3 11. gxf3 dxe5 12. Qh4 Qa5 13. Bxf6 gxf6 14. Qxf6 Rg8 15. Rd7 Kxd7 16. Qxf7+ Kc6 17. Qxe6+ Bd6 18. Rd1 Rad8 19. Rxd6+ Rxd6 20. Qxg8 Qd8 21. Qc4+ Kb6 22. b3 Rc6 23. Nd5+ Ka7 24. Qe4 Qg5+ 25. f4 exf4 26. Qd4+ Kb8 27. Nxf4 Qf6 28. Qe3 Qc3 29. Qe4 Rc5 30. Nd5 Qg7 31. Qf4+ Ka8 32. Ne3 Rc8 33. Kb1 Qc3 34. Qg4 Rf8 35. Qe2 Rg8 36. Nd1 Rg1 37. Kc1 Qa1+ 38. Kd2 Qd4+ 39. Kc1 Qf4+ 40. Kb2 Qxh2 41. Qe8+ Qb8 42. Qd7 Qh8+ 43. c3 Qf8 44. a4 h5 45. a5 h4 46. Kc2 Rg5 47. Ne3 Qxf2+ 48. Kd3 Qf8 49. b4 Rg7 50. Qd4 h3 51. Nd5 Qf5+ 52. Ke3 Rg3+ 53. Ke2 Qf3+ 54. Ke1 Qh1+ 55. Ke2 Rg2+ 56. Ke3 Qg1+ 0-1